[Event "Podturen Mavrin Memorial"]
[Site "Podturen"]
[Date "2013.01.03"]
[Round "1"]
[White "Spiranec, Noemi"]
[Black "Turk, Karlo"]
[Result "0-1"]
[WhiteElo "1662"]
[BlackElo "2106"]
[PlyCount "90"]
[EventDate "2013.01.03"]
[EventType "swiss"]
[EventRounds "7"]
[EventCountry "CRO"]
[SourceTitle "CBM 152 Extra"]
[Source "ChessBase"]
[SourceDate "2013.02.25"]
[SourceVersion "1"]
[SourceVersionDate "2013.02.25"]
[SourceQuality "1"]

1. d4 Nf6 2. c4 e6 3. Nc3 Bb4 4. Qc2 b6 5. Nf3 Bb7 6. Bd2 0-0 7. e3 d6 8. Be2 Nbd7 9. a3 Bxc3 10. Bxc3 Ne4 11. Bd3 f5 12. Nd2 Nxc3 13. Qxc3 Bxg2 14. Rg1 Bb7 15. d5 e5 16. 0-0-0 Qf6 17. f3 a5 18. Rg2 Nc5 19. Bb1 a4 20. Rdg1 g6 21. Rg5 Kf7 22. Qc2 b5 23. cxb5 Bxd5 24. e4 Be6 25. exf5 Bxf5 26. Qc4+ Ke7 27. Bxf5 gxf5 28. Qh4 Rf7 29. Qc4 Rb8 30. Rg8 Rxg8 31. Rxg8 Rg7 32. Rxg7+ Qxg7 33. Qh4+ Kd7 34. Kc2 Qf7 35. Qb4 Qh5 36. Qc4 Qg6 37. Qd5 Ne6 38. Qa8 Qg1 39. Qxa4 Nd4+ 40. Kd3 f4 41. b6+ c6 42. Qa7+ Ke6 43. Nc4 Qd1+ 44. Kc3 Qb3+ 45. Kd2 Qc2+ 0-1

[Event "CRO-chT3B Center North"]
[Site "Croatia"]
[Date "2012.10.20"]
[Round "8.41"]
[White "Turk, Karlo"]
[Black "Zeleznjak, Tihomir"]
[Result "1/2-1/2"]
[WhiteElo "2100"]
[BlackElo "2126"]
[PlyCount "31"]
[EventDate "2012.04.14"]
[EventType "team-tourn"]
[EventRounds "9"]
[EventCountry "CRO"]
[SourceTitle "EXT 2013"]
[Source "ChessBase"]
[SourceDate "2012.11.22"]
[SourceVersion "1"]
[SourceVersionDate "2012.11.22"]
[SourceQuality "1"]

1. d4 Nf6 2. Nf3 e6 3. Bg5 d5 4. e3 Be7 5. Bd3 0-0 6. 0-0 Nbd7 7. Nbd2 c5 8. c3 h6 9. Bh4 c4 10. Bc2 b5 11. Bxf6 Nxf6 12. e4 dxe4 13. Nxe4 Bb7 14. Qe2 Nxe4 15. Bxe4 Bxe4 16. Qxe4 1/2-1/2

[Event "Krapina op 2nd"]
[Site "Krapina"]
[Date "2012.07.06"]
[Round "9"]
[White "Lescan, Marijan"]
[Black "Turk, Karlo"]
[Result "0-1"]
[WhiteElo "1866"]
[BlackElo "2074"]
[PlyCount "100"]
[EventDate "2012.06.26"]
[EventType "swiss"]
[EventRounds "9"]
[EventCountry "CRO"]
[SourceTitle "EXT 2013"]
[Source "ChessBase"]
[SourceDate "2012.11.22"]
[SourceVersion "1"]
[SourceVersionDate "2012.11.22"]
[SourceQuality "1"]

1. d4 Nf6 2. Nf3 e6 3. c4 Bb4+ 4. Bd2 Qe7 5. a3 Bxd2+ 6. Nbxd2 b6 7. g3 Bb7 8. Bg2 d6 9. 0-0 Nbd7 10. Qc2 0-0 11. e4 e5 12. d5 Nh5 13. b4 a5 14. Rab1 g6 15. Ne1 f5 16. exf5 gxf5 17. Bh3 Ng7 18. Nd3 Bc8 19. Rbe1 Qf7 20. f4 e4 21. Nc1 Qh5 22. Bg2 Nf6 23. h3 Kh8 24. Rf2 Rg8 25. Nf1 Qg6 26. Re3 axb4 27. axb4 b5 28. Ne2 Qf7 29. Nd4 bxc4 30. Qxc4 Qxd5 31. Rc2 Ra4 32. Qc6 Rxb4 33. Ne2 Qxc6 34. Rxc6 Nd5 35. Ra3 Ne6 36. Nc3 Ne7 37. Rca6 Bxa6 38. Rxa6 Rb3 39. Nd1 Nd5 40. Ra5 c5 41. Ra6 Rb6 42. Rxb6 Nxb6 43. Nfe3 Nd4 44. Kf2 Ra8 45. g4 Ra2+ 46. Kg1 Ne2+ 47. Kh2 Nxf4 48. Kg3 Nxg2 49. Nxg2 Rxg2+ 50. Kxg2 f4 0-1

[Event "Zagreb op-B"]
[Site "Zagreb"]
[Date "2012.03.12"]
[Round "9"]
[White "Turk, Karlo"]
[Black "Foglia, Maurizio"]
[Result "0-1"]
[WhiteElo "2047"]
[BlackElo "2198"]
[PlyCount "107"]
[EventDate "2012.03.05"]
[EventType "swiss"]
[EventRounds "9"]
[EventCountry "CRO"]
[SourceTitle "CBM 147 Extra"]
[Source "ChessBase"]
[SourceDate "2012.04.24"]
[SourceVersion "1"]
[SourceVersionDate "2012.04.24"]
[SourceQuality "1"]

1. d4 c6 2. Nf3 d5 3. Bg5 h6 4. Bh4 Qb6 5. b3 Bf5 6. e3 Nd7 7. Bd3 Bxd3 8. Qxd3 e6 9. Nbd2 Ne7 10. Bxe7 Bxe7 11. 0-0 0-0 12. c4 Qa6 13. a4 c5 14. Rfd1 Bf6 15. Rac1 Rfd8 16. Qc2 cxd4 17. exd4 Rac8 18. b4 dxc4 19. Nxc4 Nb6 20. b5 Qxa4 21. Qxa4 Nxa4 22. Kf1 Rxc4 23. Rxc4 Nb2 24. Rdc1 Nxc4 25. Rxc4 Rd6 26. Ra4 Rb6 27. Rxa7 Rxb5 28. Ra8+ Kh7 29. Ke2 Rb2+ 30. Ke3 h5 31. h4 Kg6 32. g3 Kf5 33. Rf8 Rb3+ 34. Ke2 Kg6 35. Ne5+ Bxe5 36. dxe5 Rb5 37. f4 Rb3 38. Kf2 b5 39. Rb8 f6 40. exf6 Kxf6 41. Rh8 Kg6 42. Re8 Kf5 43. Rg8 g6 44. Rg7 Rc3 45. Rb7 Rb3 46. Rg7 b4 47. Rg8 Rc3 48. Rb8 b3 49. Rg8 Rc1 50. Rb8 Rc2+ 51. Kf3 Rc3+ 52. Kf2 Kg4 53. Rb5 Rf3+ 54. Ke2 0-1

[Event "Zagreb op-B"]
[Site "Zagreb"]
[Date "2012.03.11"]
[Round "8"]
[White "Mihalincic, Tomislav"]
[Black "Turk, Karlo"]
[Result "1-0"]
[WhiteElo "2249"]
[BlackElo "2047"]
[PlyCount "101"]
[EventDate "2012.03.05"]
[EventType "swiss"]
[EventRounds "9"]
[EventCountry "CRO"]
[SourceTitle "CBM 147 Extra"]
[Source "ChessBase"]
[SourceDate "2012.04.24"]
[SourceVersion "1"]
[SourceVersionDate "2012.04.24"]
[SourceQuality "1"]

1. e4 c5 2. Nf3 g6 3. c4 Bg7 4. d4 cxd4 5. Nxd4 Nc6 6. Nb3 d6 7. Be2 Nf6 8. Nc3 0-0 9. 0-0 Be6 10. f3 Qb6+ 11. Kh1 Ne5 12. Nd5 Bxd5 13. cxd5 Rfc8 14. Bd2 Nc4 15. Bxc4 Rxc4 16. Bc3 Nd7 17. Qe2 Rac8 18. Bxg7 Rc2 19. Qd1 Kxg7 20. Rb1 h5 21. Qd4+ Qxd4 22. Nxd4 R2c4 23. Rfd1 a6 24. Kg1 Ne5 25. b3 Rc3 26. Kf1 g5 27. Ke2 Kf6 28. Rb2 Ng6 29. g3 h4 30. Rd3 Rc1 31. Rd1 h3 32. Rxc1 Rxc1 33. Rc2 Rh1 34. Ke3 Ne5 35. Rb2 g4 36. f4 Nd7 37. Nf5 Nc5 38. Re2 Rd1 39. Nh6 Rd3+ 40. Kf2 Rf3+ 41. Ke1 Nd3+ 42. Kd2 Nf2 43. Ng8+ Kg7 44. Nxe7 Rd3+ 45. Kc2 Rf3 46. Nf5+ Kf8 47. Nxd6 Rxg3 48. hxg3 h2 49. Re1 h1Q 50. Rxh1 Nxh1 51. Nf5 1-0